Estado autonómico y finanzas públicas : competencias y financiación del sector público en países con diferentes niveles de gobierno : una perspectiva económica / Josep M. Bricall, Antoni Castells, Ferran Sicart competencias y financiación del sector público en países con diferentes niveles de gobierno :
MARC
| LEADER | 00000nam a2200000Ia 4500 | ||
|---|---|---|---|
| 001 | 16342 | ||
| 008 | 160829s1984 xx 000 0 cat d | ||
| 080 | |a M-5-11 | ||
| 100 | 1 | |a Bricall, Josep M. |q (Josep Maria), |d 1936- |9 32930 | |
| 245 | |a Estado autonómico y finanzas públicas : |b competencias y financiación del sector público en países con diferentes niveles de gobierno : |b una perspectiva económica / Josep M. Bricall, Antoni Castells, Ferran Sicart | ||
| 260 | |a Barcelona : |b Diputació de Barcelona, Gabinete de Publicaciones, |c 1984 | ||
| 300 | |a 355, [8] p. ; |c 24 cm | ||
| 490 | |a Biblioteca Prat de la Riba ; 1 | ||
| 590 | |a Hi ha un exemplar en català: M-2-69 | ||
| 650 | 0 | |a Finances públiques |9 24447 | |
| 700 | |a Castells, Antoni |9 503 | ||
| 700 | |a Sicart, Ferran |9 34990 | ||
| 901 | |a Arxiu | ||
| 942 | |n 1 | ||
| 952 | |0 0 |1 0 |4 0 |6 M511 |7 1 |9 46721 |a Arxiu |b Arxiu |d 2016-12-01 |l 0 |o M-5-11 |p 16342 |r 2016-12-01 00:00:00 |w 2016-12-01 |y ARXIU | ||
| 999 | |c 50514 |d 50514 | ||